000
00328 a2200157 4500
001
180112
020
_a
040
_c
Magnum
100
_a
Bloch, Pedro
240
1
0
_a
Tom e tim ou tim e tom
_l
por
245
1
0
_a
Tom e tim ou tim e tom
362
0
_a
1899
440
1
_a
Moderna
697
_a
MAGNITO: IJ/POESIA
942
_c
BK
999
_c
180112
_d
180112